Současní evropští architekti. Sv. 1 /

Uloženo v:
Podrobná bibliografie
Hlavní autor: Amsoneit, Wolfgang
Další autoři: Williams, K., Solperová, Jana
Médium: Kniha
Jazyk:čeština
němčina
angličtina
Vydáno: Praha : Slovart, 1996
Vydání:[1. vyd.]
Témata:
On-line přístup: Získat plný text
Tagy: Přidat tag
Žádné tagy, Buďte první, kdo vytvoří štítek k tomuto záznamu!

MARC

LEADER 00000nam a2200000 4500
003 SK-BrCVT
005 20220621153737.0
008 960801s1996 xr e ||||||cze d
035 |a CVTIDW0938288 
040 |b slo  |a CVTI SR 
041 0 |a cze  |a ger  |a eng 
044 |a xr 
080 |a 72.036-05(4)  |2 UDC-MRF 
100 1 |a Amsoneit, Wolfgang 
245 1 0 |a Současní evropští architekti. Sv. 1 /  |c Wolfgang Amsoneit ; English Transl. K. Williams, Czech Transl. J. Solperová 
250 |a [1. vyd.] 
260 |a Praha :  |b Slovart,  |c 1996 
300 |a 160 s. :  |b fotogr., obr. ; 
653 1 |a Böhm  |a Mackay  |a Rossi  |a Hollein  |a Moneo  |a Európa 
692 |a BA VD JM MM 
700 1 |a Williams, K. 
700 1 |a Solperová, Jana  |9 24710 
910 |b A554131 
974 |f Knihy 
992 |a APH 
999 |c 106139  |d 106139